Business communication / (Record no. 356421)
[ view plain ]
| 000 -LEADER | |
|---|---|
| fixed length control field | 00317nam a2200109Ia 4500 |
| 008 - FIXED-LENGTH DATA ELEMENTS--GENERAL INFORMATION | |
| fixed length control field | 180517s9999 xx 000 0 und d |
| 020 ## - INTERNATIONAL STANDARD BOOK NUMBER | |
| International Standard Book Number | 9789814624473 |
| 100 ## - MAIN ENTRY--PERSONAL NAME | |
| Personal name | Lehman, Carol M. |
| 245 ## - TITLE STATEMENT | |
| Statement of responsibility, etc | DuFrene, Debbie D. |
| Title | Business communication / |
| 260 ## - PUBLICATION, DISTRIBUTION, ETC. (IMPRINT) | |
| Place of publication, distribution, etc | Pasig City: |
| Name of publisher, distributor, etc | Cengage learning |
| Date of publication, distribution, etc | 2014 |
| 300 ## - PHYSICAL DESCRIPTION | |
| Extent | iii, 282 pages |
| Withdrawn status | Lost status | Damaged status | Home library | Current library | Shelving location | Date acquired | Source of acquisition | Total Checkouts | Full call number | Barcode | Date last seen | Date checked out | Price effective from | Koha item type |
|---|---|---|---|---|---|---|---|---|---|---|---|---|---|---|
| College Library | College Library | Reserve Section | 05/17/2018 | 1 | HF 5721 .L523 2014 | C21502 | 05/10/2019 | 03/20/2019 | 05/17/2018 | Books |